01206nam a2200289 a 450000100060000000300090000600800410001501500210005602000260007704000280010308200160013124500440014725000060019126000600019730000260025749000250028359600080030859800150031665000330033191700290036494200120039399000820040599900170048795201530050495201280065795201310078524515CO-ViMGA141112s2004 ck r 000 u spa d ack - 2009 - xxxx a9789583384738 (Serie) aCO-ViMGAbspacCO-ViMGA04a808.83 l21810aLecturas fantásticas : bantología. a4 aMedellín : bFundación Secretos para Contar, c2010 a157 p. : il. ; 27 cm. aSecretos para contar a5 7 aNEW - GRAL14aCuentos - Colecciones919715 a2009 - 2984 2 ejemplares 2ddccBK a2009 - 2984 Fundación Secretos para Contar 2 ejemplares 21 19052009 a670282 c32344d32344 00102ddc40708003aMEVIECARbMEVIECARd2015-12-04h10/jul/2012l1m1o808.83 l218 p25279r2019-03-08 00:00:00s2019-02-19tEj. 1w2015-12-04yBK 00102ddc40708GENaMEGUAMALbMEGUAMALcGENd2024-05-24l0o808 L21pGUA003886r2024-05-24 19:41:23tEj.1w2024-05-24yBK 00102ddc40708GENaMEPLOPEZbMEPLOPEZcGENd2025-04-01l0o808.83 l218pPLZ00049r2025-04-01 11:28:28tEj.1w2025-04-01yBK